[Event "HUN-chT2 Erkel 1516"]
[Site "Hungary"]
[Date "2016.04.17"]
[Round "11.2"]
[White "Ngo Tan, Don"]
[Black "Gara, Gyorgy"]
[Result "1-0"]
[WhiteElo "2295"]
[BlackElo "2099"]
[PlyCount "95"]
[EventDate "2015.09.13"]
[EventType "team-tourn"]
[EventRounds "11"]
[EventCountry "HUN"]
[SourceTitle "EXT 2017"]
[Source "ChessBase"]
[SourceDate "2016.10.25"]
[SourceVersion "1"]
[SourceVersionDate "2016.10.25"]
[SourceQuality "1"]
[WhiteTeam "Barcza BEAC"]
[BlackTeam "Matra"]
[WhiteTeamCountry "HUN"]
[BlackTeamCountry "HUN"]

1. e4 e6 2. d4 d5 3. exd5 exd5 4. Bd3 Nc6 5. c3 Bd6 6. Nf3 Bg4 7. 0-0 Nge7 8. Be3 Qd7 9. Nbd2 f6 10. b4 Bf5 11. Nb3 Bxd3 12. Qxd3 b6 13. a3 Qf5 14. Qxf5 Nxf5 15. g4 Nxe3 16. fxe3 0-0 17. Nfd2 Rfe8 18. Rfe1 a5 19. Nf1 Re7 20. Nbd2 Rae8 21. b5 Na7 22. a4 Bf4 23. Kf2 Bd6 24. c4 dxc4 25. Nxc4 Bb4 26. Re2 Nc8 27. Ng3 g6 28. Kf3 Nd6 29. Nxd6 Bxd6 30. e4 Bxg3 31. hxg3 Rd8 32. Rd1 Kf7 33. Rc2 Rd6 34. d5 Rdd7 35. Rc6 Rd6 36. Rxd6 cxd6 37. Rc1 f5 38. gxf5 gxf5 39. exf5 Re5 40. g4 Rxd5 41. Rc7+ Kf6 42. Rxh7 Rd3+ 43. Ke4 Ra3 44. Rh6+ Ke7 45. g5 Rxa4+ 46. Kd5 Rf4 47. Rh7+ Kf8 48. Ke6 1-0

[Event "HUN-chT2 Erkel 1516"]
[Site "Hungary"]
[Date "2015.11.29"]
[Round "5.2"]
[White "Ngo Tan, Don"]
[Black "Liptay, Laszlo"]
[Result "1-0"]
[WhiteElo "2295"]
[BlackElo "2308"]
[PlyCount "83"]
[EventDate "2015.09.13"]
[EventType "team-tourn"]
[EventRounds "11"]
[EventCountry "HUN"]
[SourceTitle "CBM 170 Extra"]
[Source "ChessBase"]
[SourceDate "2016.02.25"]
[SourceVersion "1"]
[SourceVersionDate "2016.02.25"]
[SourceQuality "1"]
[WhiteTeam "Barcza BEAC"]
[BlackTeam "HASE"]
[WhiteTeamCountry "HUN"]
[BlackTeamCountry "HUN"]

1. e4 c5 2. c4 Nc6 3. Ne2 e5 4. Nbc3 g6 5. g3 Bg7 6. Bg2 Nge7 7. 0-0 0-0 8. d3 d6 9. a3 a6 10. Rb1 Rb8 11. b4 cxb4 12. axb4 b5 13. cxb5 axb5 14. Be3 Be6 15. Qd2 d5 16. Bc5 dxe4 17. Nxe4 Qd7 18. Rfc1 Rfd8 19. Bxe7 Nxe7 20. Nc5 Qd6 21. Nc3 Nf5 22. N3e4 Qe7 23. Nxe6 Qxe6 24. Rc7 Bh6 25. Qc3 Nd4 26. Re1 Rbc8 27. Nf6+ Kg7 28. Nd5 Rxc7 29. Nxc7 Qd6 30. Nd5 Kg8 31. f4 Bg7 32. fxe5 Bxe5 33. Qc5 Kg7 34. Kh1 Ne6 35. Qxb5 Rb8 36. Qc4 Nd4 37. Rf1 Qe6 38. Rc1 Ne2 39. Re1 Rc8 40. Qe4 Bxg3 41. Qxe6 fxe6 42. hxg3 1-0

[Event "HUN-chT U18"]
[Site "Budapest"]
[Date "2015.08.29"]
[Round "7.19"]
[White "Ngo Tan, Don"]
[Black "Egri, Laszlo Jr"]
[Result "1/2-1/2"]
[WhiteElo "2309"]
[BlackElo "2157"]
[PlyCount "35"]
[EventDate "2015.08.26"]
[EventType "team-swiss"]
[EventRounds "8"]
[EventCountry "HUN"]
[SourceTitle "EXT 2016"]
[Source "ChessBase"]
[SourceDate "2015.10.08"]
[SourceVersion "1"]
[SourceVersionDate "2015.10.08"]
[SourceQuality "1"]

1. e4 c5 2. b3 a6 3. c4 e6 4. Bb2 b6 5. Be2 Bb7 6. Bf3 d6 7. Ne2 Nd7 8. d4 cxd4 9. Nxd4 Qc7 10. 0-0 Ngf6 11. Nc3 Be7 12. g3 0-0 13. Bg2 Rac8 14. f4 Rfe8 15. f5 Bf8 16. fxe6 fxe6 17. Qe2 d5 18. cxd5 1/2-1/2

[Event "Budapest-chT1 Lilienthal 1314"]
[Site "Budapest"]
[Date "2013.11.24"]
[Round "4"]
[White "Sinkovics, Peter"]
[Black "Ngo Tan, Don"]
[Result "1/2-1/2"]
[WhiteElo "2298"]
[BlackElo "2173"]
[PlyCount "43"]
[EventDate "2013.09.29"]
[EventType "team-tourn"]
[EventRounds "11"]
[EventCountry "HUN"]
[SourceTitle "EXT 2021"]
[Source "ChessBase"]
[SourceDate "2020.10.23"]
[SourceVersion "1"]
[SourceVersionDate "2020.10.23"]
[SourceQuality "1"]
[WhiteTeam "Taban Spartacus II"]
[BlackTeam "Budapest EAC III"]
[WhiteTeamCountry "HUN"]
[BlackTeamCountry "HUN"]

1. d4 d5 2. c4 c6 3. Nf3 Nf6 4. Nc3 g6 5. Bf4 Bg7 6. e3 0-0 7. h3 Be6 8. Ng5 Bf5 9. Bd3 Bxd3 10. Qxd3 Nbd7 11. 0-0 Qa5 12. cxd5 Nxd5 13. Nxd5 cxd5 14. Nf3 Rac8 15. a3 Nb6 16. Rfc1 Qa4 17. Bc7 Na8 18. b3 Qd7 19. Bg3 a6 20. a4 Rxc1+ 21. Rxc1 Rc8 22. Rc3 1/2-1/2

[Event "Liptovsky Mikulas CupT U20"]
[Site "Liptovsky Mikulas"]
[Date "2013.06.24"]
[Round "5"]
[White "Ngo Tan, Don"]
[Black "Mraz, Ondrej"]
[Result "0-1"]
[WhiteElo "2173"]
[BlackElo "2022"]
[PlyCount "70"]
[EventDate "2013.06.21"]
[EventType "team-tourn"]
[EventRounds "8"]
[EventCountry "SVK"]
[SourceTitle "EXT 2014"]
[Source "ChessBase"]
[SourceDate "2013.11.20"]
[SourceVersion "1"]
[SourceVersionDate "2013.11.20"]
[SourceQuality "1"]

1. e4 e5 2. Nc3 Nf6 3. f4 d5 4. fxe5 Nxe4 5. Qf3 Nxc3 6. dxc3 Be7 7. Bf4 0-0 8. 0-0-0 Be6 9. Bd3 Nd7 10. h4 c5 11. Qg3 Kh8 12. Bg5 c4 13. Be2 f6 14. exf6 Bxf6 15. Nf3 Qa5 16. Kb1 Nc5 17. Bxf6 Rxf6 18. Qe5 Bg8 19. h5 Re6 20. Qd4 Rxe2 21. h6 Ne6 22. hxg7+ Nxg7 23. Rh6 Re4 24. Ne5 Qa6 25. Qd2 Qxh6 26. Qxh6 Rxe5 27. a4 Rae8 28. Rd4 R8e6 29. Qh3 Re1+ 30. Ka2 Rf1 31. a5 Ra6 32. b4 Re6 33. b5 Ree1 34. Ka3 Ra1+ 35. Kb4 b6 0-1

[Event "Liptovsky Mikulas CupT U20"]
[Site "Liptovsky Mikulas"]
[Date "2013.06.21"]
[Round "1"]
[White "Ngo Tan, Don"]
[Black "Ferkova, Dominika"]
[Result "1-0"]
[WhiteElo "2173"]
[BlackElo "1603"]
[PlyCount "57"]
[EventDate "2013.06.21"]
[EventType "team-tourn"]
[EventRounds "8"]
[EventCountry "SVK"]
[SourceTitle "EXT 2014"]
[Source "ChessBase"]
[SourceDate "2013.11.20"]
[SourceVersion "1"]
[SourceVersionDate "2013.11.20"]
[SourceQuality "1"]

1. e4 e5 2. Nc3 Nc6 3. Bc4 Bc5 4. Qg4 Qf6 5. Nd5 Qxf2+ 6. Kd1 g6 7. Nh3 Qd4 8. d3 Bb6 9. Qf3 Nd8 10. Rb1 Qc5 11. Rf1 Qf8 12. Be3 Bxe3 13. Nxc7+ Ke7 14. Qxe3 Rb8 15. Qxa7 Nc6 16. Qa3+ d6 17. Rxf7+ Qxf7 18. Bxf7 Kxf7 19. Ng5+ Kf6 20. h4 Ke7 21. Nd5+ Kd7 22. Nf7 Ke6 23. Nxh8 Nh6 24. Nc7+ Kd7 25. Nb5 Ke8 26. Qxd6 Bd7 27. Nc7+ Kd8 28. Ne6+ Ke8 29. Qf8# 1-0

[Event "Budapest-chT1 Lilienthal 1213"]
[Site "Budapest"]
[Date "2013.03.10"]
[Round "9"]
[White "Ngo Tan, Don"]
[Black "Krizsany, Laszlo"]
[Result "0-1"]
[WhiteElo "2172"]
[BlackElo "2440"]
[PlyCount "102"]
[EventDate "2012.09.30"]
[EventType "team-tourn"]
[EventRounds "11"]
[EventCountry "HUN"]
[SourceTitle "EXT 2019"]
[Source "ChessBase"]
[SourceDate "2018.10.10"]
[SourceVersion "1"]
[SourceVersionDate "2018.10.10"]
[SourceQuality "1"]
[WhiteTeam "Budapest EAC"]
[BlackTeam "Budapest REAC SISE"]
[WhiteTeamCountry "HUN"]
[BlackTeamCountry "HUN"]

1. e4 Nf6 2. e5 Nd5 3. Bc4 Nb6 4. Bb3 d5 5. exd6 cxd6 6. Nf3 Nc6 7. d4 d5 8. h3 Bf5 9. Bg5 h6 10. Bh4 Qd7 11. Bg3 e6 12. Ne5 Nxe5 13. Bxe5 Rc8 14. 0-0 Nc4 15. Bxc4 Rxc4 16. c3 Qb5 17. Nd2 Rc8 18. Qb3 Qa6 19. Qd1 Be7 20. Qf3 Qd3 21. Qxd3 Bxd3 22. Rfe1 f6 23. Bg3 Kd7 24. Re3 Bf5 25. Rae1 Rc6 26. a3 Rb6 27. b4 Rc8 28. Bh2 Rbc6 29. g4 Bc2 30. c4 dxc4 31. d5 Ra6 32. dxe6+ Kd8 33. Nf3 Bd3 34. Rd1 Ke8 35. Ne1 Bh7 36. Rc1 Bg8 37. Nf3 Rxe6 38. Rxe6 Bxe6 39. Nd4 Kf7 40. Nb5 a6 41. Nd6+ Bxd6 42. Bxd6 Rd8 43. Bg3 Rd3 44. Ra1 c3 45. Re1 Bd5 46. Kh2 g5 47. Bd6 Bb3 48. Bc5 c2 49. Kg2 Bd5+ 50. Kh2 Rd1 51. Re2 Rh1+ 0-1

[Event "Budapest-chT1 Lilienthal 1213"]
[Site "Budapest"]
[Date "2012.11.11"]
[Round "3"]
[White "Szabolcsi, Janos"]
[Black "Ngo Tan, Don"]
[Result "1/2-1/2"]
[WhiteElo "2396"]
[BlackElo "2172"]
[PlyCount "104"]
[EventDate "2012.09.30"]
[EventType "team-tourn"]
[EventRounds "11"]
[EventCountry "HUN"]
[SourceTitle "EXT 2019"]
[Source "ChessBase"]
[SourceDate "2018.10.10"]
[SourceVersion "1"]
[SourceVersionDate "2018.10.10"]
[SourceQuality "1"]
[WhiteTeam "Budapest RAC"]
[BlackTeam "Budapest EAC"]
[WhiteTeamCountry "HUN"]
[BlackTeamCountry "HUN"]

1. d4 f5 2. Nf3 Nf6 3. g3 g6 4. Bg2 Bg7 5. 0-0 0-0 6. c4 d6 7. Nc3 c6 8. d5 Bd7 9. Rb1 a5 10. Nd4 cxd5 11. cxd5 Na6 12. Ne6 Bxe6 13. dxe6 Nc5 14. Be3 Qc8 15. Nd5 Nxd5 16. Qxd5 Nxe6 17. Rfc1 Qd7 18. Qxb7 Qxb7 19. Bxb7 Rab8 20. Bd5 Kf7 21. b3 Kf6 22. Bd2 Ke5 23. Bc6 Nd4 24. Kf1 Nxc6 25. Rxc6 Ra8 26. Rbc1 Ke6 27. R1c4 Rfb8 28. Rc7 Rb5 29. Ra4 Rd5 30. Ke1 Bd4 31. e3 Bb6 32. Rb7 Bd8 33. Rc4 Rc5 34. Ke2 Rxc4 35. bxc4 Rc8 36. Kd3 d5 37. cxd5+ Kxd5 38. Ra7 e5 39. Bxa5 e4+ 40. Kd2 Bf6 41. Bb4 Rh8 42. a4 Kc4 43. Ba5 Rb8 44. Rxh7 Ra8 45. Rc7+ Kd5 46. Bc3 Bxc3+ 47. Kxc3 Rxa4 48. Rg7 Ra2 49. Rxg6 Rxf2 50. Rg5 Ke6 51. g4 fxg4 52. Rh5 Ra2 1/2-1/2

[Event "HUN-chT U18"]
[Site "Budapest"]
[Date "2012.10.28"]
[Round "1.8"]
[White "Borhy, Marcell Boldizsar"]
[Black "Ngo Tan, Don"]
[Result "0-1"]
[WhiteElo "1431"]
[BlackElo "2172"]
[PlyCount "56"]
[EventDate "2012.10.28"]
[EventType "team-swiss"]
[EventRounds "8"]
[EventCountry "HUN"]
[SourceTitle "EXT 2020"]
[Source "ChessBase"]
[SourceDate "2019.10.17"]
[SourceVersion "1"]
[SourceVersionDate "2019.10.17"]
[SourceQuality "1"]

1. d4 f5 2. c4 Nf6 3. Nf3 g6 4. g3 Bg7 5. Bg2 0-0 6. 0-0 d6 7. Nc3 Nbd7 8. Bg5 h6 9. Bxf6 Nxf6 10. Qc2 c6 11. Rfe1 Kh8 12. Nh4 Kh7 13. e4 e6 14. Rad1 Nh5 15. b3 Qg5 16. Nf3 Qd8 17. h4 Qc7 18. Qe2 e5 19. exf5 Bxf5 20. dxe5 dxe5 21. Nh2 Rae8 22. Qb2 Nf6 23. Qc1 e4 24. Ne2 Ng4 25. Nd4 e3 26. Nxg4 Bxg4 27. f3 Qxg3 28. fxg4 Rf2 0-1

[Event "HUN-ch U14"]
[Site "Balatonlelle"]
[Date "2012.06.26"]
[Round "5"]
[White "Ngo Tan, Don"]
[Black "Juhasz, Armin"]
[Result "1-0"]
[WhiteElo "2179"]
[BlackElo "2217"]
[PlyCount "81"]
[EventDate "2012.06.22"]
[EventType "tourn"]
[EventRounds "9"]
[EventCountry "HUN"]
[SourceTitle "EXT 2014"]
[Source "ChessBase"]
[SourceDate "2013.11.20"]
[SourceVersion "1"]
[SourceVersionDate "2013.11.20"]
[SourceQuality "1"]

1. e4 c5 2. Nf3 d6 3. d4 cxd4 4. Nxd4 Nf6 5. f3 e6 6. c4 Be7 7. Nc3 0-0 8. Be3 Nc6 9. Be2 d5 10. cxd5 exd5 11. Nxc6 bxc6 12. e5 Nd7 13. f4 Nb6 14. 0-0 f5 15. Na4 Nxa4 16. Qxa4 Bd7 17. Qc2 Qa5 18. Rfd1 Rfc8 19. a3 c5 20. Rxd5 Be6 21. Bc4 Kh8 22. Rd2 Qb6 23. Rad1 a5 24. Rd6 Bxd6 25. Rxd6 Rc6 26. Bxe6 Rxd6 27. exd6 Qxd6 28. Bxf5 Re8 29. Qxc5 Qf6 30. Bd4 Qh4 31. g3 Qh5 32. Be5 Qe2 33. Qf2 Qd1+ 34. Qf1 Qd2 35. Qd3 Qc1+ 36. Kg2 Qc6+ 37. Be4 Qb6 38. Qd7 Rg8 39. Bd5 Qe3 40. Bxg7+ Rxg7 41. Qd8+ 1-0

[Event "HUN-ch U14"]
[Site "Balatonlelle"]
[Date "2012.06.23"]
[Round "2"]
[White "Dankhazi, Andras"]
[Black "Ngo Tan, Don"]
[Result "1-0"]
[WhiteElo "2114"]
[BlackElo "2179"]
[PlyCount "55"]
[EventDate "2012.06.22"]
[EventType "tourn"]
[EventRounds "9"]
[EventCountry "HUN"]
[SourceTitle "EXT 2014"]
[Source "ChessBase"]
[SourceDate "2013.11.20"]
[SourceVersion "1"]
[SourceVersionDate "2013.11.20"]
[SourceQuality "1"]

1. d4 f5 2. g3 Nf6 3. Bg2 g6 4. Nf3 Bg7 5. 0-0 0-0 6. c4 d6 7. d5 c6 8. Nd4 Bd7 9. Nc3 cxd5 10. cxd5 Na6 11. Rb1 Rc8 12. h3 Rc4 13. Be3 Nh5 14. Qd3 Rc8 15. Ne6 Bxe6 16. dxe6 Nb4 17. Qd2 Nc6 18. Nd5 Nf6 19. Rfc1 Nxd5 20. Bxd5 Qe8 21. b4 b6 22. f4 g5 23. Rc2 gxf4 24. gxf4 Qg6+ 25. Kh2 Nb8 26. Rxc8 Rxc8 27. Rg1 Qh5 28. Bd4 1-0

[Event "HUN-ch U14"]
[Site "Balatonlelle"]
[Date "2012.06.22"]
[Round "1"]
[White "Korpa, Bence"]
[Black "Ngo Tan, Don"]
[Result "1-0"]
[WhiteElo "2297"]
[BlackElo "2179"]
[PlyCount "45"]
[EventDate "2012.06.22"]
[EventType "tourn"]
[EventRounds "9"]
[EventCountry "HUN"]
[SourceTitle "EXT 2014"]
[Source "ChessBase"]
[SourceDate "2013.11.20"]
[SourceVersion "1"]
[SourceVersionDate "2013.11.20"]
[SourceQuality "1"]

1. e4 e6 2. d4 d5 3. Nc3 Bb4 4. e5 c5 5. a3 Bxc3+ 6. bxc3 Qc7 7. Qg4 f5 8. Qg3 cxd4 9. cxd4 Ne7 10. c3 0-0 11. Ne2 Ng6 12. h4 Nc6 13. h5 Nh8 14. h6 g6 15. Bg5 Nb8 16. Nf4 a6 17. Be2 Qf7 18. 0-0 Bd7 19. c4 Bc6 20. Qb3 Qd7 21. cxd5 Bxd5 22. Nxd5 exd5 23. Bf3 1-0

[Event "HUN-chT U18"]
[Site "Miskolc"]
[Date "2011.11.05"]
[Round "7.1"]
[White "Ngo Tan, Don"]
[Black "Kovacs, Klara"]
[Result "1-0"]
[WhiteElo "2175"]
[BlackElo "2127"]
[PlyCount "53"]
[EventDate "2011.11.02"]
[EventType "team-swiss"]
[EventRounds "8"]
[EventCountry "HUN"]
[SourceTitle "EXT 2012"]
[Source "ChessBase"]
[SourceDate "2011.11.24"]
[SourceVersion "1"]
[SourceVersionDate "2011.11.24"]
[SourceQuality "1"]
[WhiteTeam "Barcza"]
[BlackTeam "Kobanya Aquarena"]
[WhiteTeamCountry "HUN"]
[BlackTeamCountry "HUN"]

1. Nf3 b6 2. g3 Bb7 3. Bg2 Nf6 4. 0-0 e6 5. d4 c5 6. c4 cxd4 7. Nxd4 Bxg2 8. Kxg2 Qc7 9. b3 Qb7+ 10. f3 d5 11. cxd5 Nxd5 12. e4 Nf6 13. Qe2 Bc5 14. Rd1 a6 15. Nc3 b5 16. Bg5 Nbd7 17. e5 Ng8 18. Rac1 h6 19. Ne4 hxg5 20. Rxc5 Kf8 21. Nd6 Qa7 22. Rc2 Ne7 23. Nc6 Nxc6 24. Rxc6 Ke7 25. Qd2 Nxe5 26. Qxg5+ Kf8 27. Qxe5 1-0

[Event "HUN-chT U18"]
[Site "Miskolc"]
[Date "2011.11.03"]
[Round "2.1"]
[White "Juhasz, Armin"]
[Black "Ngo Tan, Don"]
[Result "1-0"]
[WhiteElo "2163"]
[BlackElo "2175"]
[PlyCount "105"]
[EventDate "2011.11.02"]
[EventType "team-swiss"]
[EventRounds "8"]
[EventCountry "HUN"]
[SourceTitle "EXT 2012"]
[Source "ChessBase"]
[SourceDate "2011.11.24"]
[SourceVersion "1"]
[SourceVersionDate "2011.11.24"]
[SourceQuality "1"]
[WhiteTeam "Vasas"]
[BlackTeam "Barcza"]
[WhiteTeamCountry "HUN"]
[BlackTeamCountry "HUN"]

1. d4 Nf6 2. c4 g6 3. Nc3 d5 4. Bf4 c6 5. e3 Bg7 6. h3 0-0 7. Nf3 Bf5 8. Qb3 b6 9. cxd5 Nxd5 10. Nxd5 cxd5 11. Rc1 e6 12. Be2 Nd7 13. 0-0 f6 14. Ba6 Qe7 15. Rc6 Qf7 16. Bd6 Rfe8 17. Rfc1 Bf8 18. Bxf8 Nxf8 19. Rc7 Re7 20. Qc3 Rd8 21. Bb5 Rb8 22. Ba6 Rd8 23. Bb5 Rb8 24. Rxe7 Qxe7 25. Qc7 Rb7 26. Qxe7 Rxe7 27. g4 Be4 28. Nd2 g5 29. Nxe4 dxe4 30. Bc6 Kf7 31. Bxe4 h6 32. Kf1 Rd7 33. Ke2 Ke7 34. Rc8 a5 35. Rb8 Rd6 36. a3 Nd7 37. Rh8 e5 38. Rh7+ Kf8 39. Bf5 Ke8 40. Bxd7+ Rxd7 41. Rxd7 Kxd7 42. Kd3 Kd6 43. Kc4 exd4 44. Kxd4 b5 45. b4 axb4 46. axb4 Kc6 47. f4 Kd6 48. f5 Kc6 49. e4 Kd6 50. e5+ fxe5+ 51. Ke4 Ke7 52. Kxe5 Kf7 53. Kd5 1-0

[Event "HUN-chT2 Charousek 1011"]
[Site "Hungary"]
[Date "2011.05.15"]
[Round "11"]
[White "Ngo Tan, Don"]
[Black "Markhot, Zsuzsa"]
[Result "1-0"]
[WhiteElo "2150"]
[BlackElo "1967"]
[PlyCount "67"]
[EventDate "2010.09.12"]
[EventType "team-tourn"]
[EventRounds "11"]
[EventCountry "HUN"]
[SourceTitle "EXT 2012"]
[Source "ChessBase"]
[SourceDate "2011.11.24"]
[SourceVersion "1"]
[SourceVersionDate "2011.11.24"]
[SourceQuality "1"]
[WhiteTeam "BEAC"]
[BlackTeam "Husi"]
[WhiteTeamCountry "HUN"]
[BlackTeamCountry "HUN"]

1. Nf3 Nf6 2. g3 g6 3. Bg2 Bg7 4. 0-0 d6 5. d4 0-0 6. c4 Nbd7 7. Nc3 e5 8. e4 Re8 9. h3 c6 10. Be3 Qc7 11. Rc1 Nf8 12. Qb3 h6 13. Rfd1 Kh8 14. c5 dxc5 15. dxe5 Be6 16. Qa3 N6d7 17. Bxc5 Nxc5 18. Qxc5 Nd7 19. Qd6 Qb8 20. Nd4 Nxe5 21. Nxe6 Rxe6 22. Qxb8+ Rxb8 23. Na4 f6 24. f4 Nf7 25. Rd7 Kg8 26. Nc5 Rd6 27. Rxb7 Rxb7 28. Nxb7 Rd2 29. b3 Nd6 30. Na5 Rxa2 31. Nxc6 Rb2 32. Nxa7 Rxb3 33. e5 fxe5 34. Bd5+ 1-0

[Event "HUN-chT2 Charousek 1011"]
[Site "Hungary"]
[Date "2011.04.17"]
[Round "9"]
[White "Ngo Tan, Don"]
[Black "Biskopics, Marton"]
[Result "1/2-1/2"]
[WhiteElo "2150"]
[BlackElo "2065"]
[PlyCount "61"]
[EventDate "2010.09.12"]
[EventType "team-tourn"]
[EventRounds "11"]
[EventCountry "HUN"]
[SourceTitle "EXT 2012"]
[Source "ChessBase"]
[SourceDate "2011.11.24"]
[SourceVersion "1"]
[SourceVersionDate "2011.11.24"]
[SourceQuality "1"]
[WhiteTeam "BEAC"]
[BlackTeam "Aquaprofit II"]
[WhiteTeamCountry "HUN"]
[BlackTeamCountry "HUN"]

1. Nf3 c5 2. g3 Nc6 3. c4 g6 4. Bg2 Bg7 5. 0-0 d6 6. Nc3 e5 7. d3 Nge7 8. Bd2 0-0 9. a3 h6 10. Rb1 Be6 11. b4 b6 12. Qa4 Qd7 13. Ne1 Bh3 14. Nd5 Nxd5 15. Bxh3 Qxh3 16. Qxc6 Nf6 17. Qxd6 Rad8 18. Qc6 e4 19. f3 exd3 20. Nxd3 Nh5 21. Nf2 Qd7 22. Qxd7 Rxd7 23. Bc1 cxb4 24. axb4 Rc8 25. Bb2 Rxc4 26. Bxg7 Kxg7 27. Rb2 Nf6 28. e4 Rdc7 29. Rd1 Rc2 30. Rd2 Rxb2 31. Rxb2 1/2-1/2